| 000 | 00449nam a22001577a 4500 | ||
|---|---|---|---|
| 005 | 20200612135416.0 | ||
| 008 | 200612b xxu||||| |||| 00| 0 eng d | ||
| 082 | _a345.4 AIR | ||
| 110 |
_aALL INDIA REPORTER, _96038 |
||
| 245 | _aALL INDIA REPORTER, [2004] [VOL-91] SUPREME COURT SECTION [PART-4] | ||
| 260 |
_aMUMBAI _bALL INDIA REPORTER, PVT. LTD. |
||
| 300 | _a5200;p | ||
| 500 | _aALL INDIA REPORTER, | ||
| 650 |
_aLAW _95701 |
||
| 942 | _cJRL | ||
| 999 |
_c7097 _d7095 |
||